[Event "M.Tal memorial"]
[Site "Moscow RUS"]
[Date "1992.??.??"]
[Round "?"]
[White "Podgaets, Mikhail"]
[Black "Epishin, Vladimir"]
[Result "1/2-1/2"]
[WhiteElo "2450"]
[BlackElo "2620"]
[EventDate "1992.08.23"]
[PlyCount "39"]

1.d4 Nf6 2.Nf3 e6 3.c4 b6 4.g3 Bb7 5.Bg2 Be7 6.O-O O-O 7.Nc3 Ne4 8.Nxe4 
Bxe4 9.Ne1 Bxg2 10.Nxg2 d5 11.Qa4 dxc4 12.Qxc4 c5 13.dxc5 Bxc5 14.Be3 Nd7 
15.Rfd1 Qe7 16.Bxc5 Nxc5 17.Ne3 Rfd8 18.Rxd8+ Rxd8 19.Rd1 Rxd1+ 20.Nxd1 
1/2-1/2

[Event "M.Tal memorial"]
[Site "Moscow RUS"]
[Date "1992.??.??"]
[Round "?"]
[White "Podgaets, Mikhail"]
[Black "Nevostruyev, Vladimir"]
[Result "1/2-1/2"]
[WhiteElo "2450"]
[BlackElo "2385"]
[EventDate "1992.08.23"]
[PlyCount "78"]

1.d4 Nf6 2.c4 g6 3.Nc3 Bg7 4.e4 O-O 5.Be3 d6 6.f3 c5 7.dxc5 dxc5 8.Qxd8 
Rxd8 9.Bxc5 Nc6 10.Ba3 a5 11.Rd1 Be6 12.Nd5 Bxd5 13.cxd5 Nb4 14.Bb5 Nc2+ 
15.Kf2 Nxa3 16.bxa3 e6 17.d6 e5 18.d7 Bf8 19.Ne2 Bc5+ 20.Kg3 Kf8 21.Rd3 b6
22.Rhd1 Ra7 23.Kh3 Rc7 24.g3 g5 25.g4 Ng8 26.Nc3 Bd4 27.Ne2 Bc5 28.Kg3 Ne7
29.h4 h6 30.h5 f6 31.Kg2 Kf7 32.Rc1 Kf8 33.Rc4 Kf7 34.Nc3 Rb7 35.Ne2 Rc7 
36.Rc1 Kf8 37.Kf1 Kf7 38.a4 Kf8 39.Rc2 Kf7 {(...)} 1/2-1/2

[Event "M.Tal memorial"]
[Site "Moscow RUS"]
[Date "1992.??.??"]
[Round "?"]
[White "Pripis, Feliks"]
[Black "Glek, Igor"]
[Result "0-1"]
[WhiteElo "2320"]
[BlackElo "2515"]
[EventDate "1992.08.23"]
[PlyCount "103"]

1.e4 e6 2.d4 d5 3.exd5 exd5 4.Nf3 Bg4 5.Bd3 Nc6 6.c3 Bd6 7.h3 Bh5 8.O-O 
Nge7 9.Re1 Qd7 10.Nbd2 O-O-O 11.Nf1 f6 12.Ng3 Bg6 13.Bf1 h5 14.Ne2 Bf5 15.
Bf4 g5 16.Bxd6 Qxd6 17.Nd2 Kb8 18.b4 Ng6 19.Ng3 Bc8 20.Nxh5 f5 21.b5 Nce7 
22.c4 Ng8 23.c5 Qf8 24.c6 g4 25.cxb7 Bxb7 26.hxg4 fxg4 27.Qxg4 Qh6 28.Bd3 
N8e7 29.Bxg6 Nxg6 30.Re6 Qxh5 31.Qxh5 Rxh5 32.Rae1 Nh4 33.Re8 Rh8 34.Rxh8 
Rxh8 35.g3 Nf5 36.Nf3 Rf8 37.Kg2 Nd6 38.Ne5 Kc8 39.a4 Kd8 40.Rh1 Nf5 41.
Nf3 Ke7 42.Rh7+ Kd6 43.g4 Rg8 44.Kh3 Bc8 45.Ne5 Nxd4 46.Nf7+ Kc5 47.Nh6 
Rf8 48.Rxc7+ Kb6 49.Rc3 Bb7 50.g5 Rxf2 51.Kg4 Rg2+ 52.Kh5 0-1

[Event "M.Tal memorial"]
[Site "Moscow RUS"]
[Date "1992.??.??"]
[Round "?"]
[White "Pripis, Feliks"]
[Black "Zayats, Elena"]
[Result "1/2-1/2"]
[WhiteElo "2320"]
[BlackElo "2305"]
[EventDate "1992.08.23"]
[PlyCount "23"]

1.d4 Nf6 2.Nf3 d5 3.Bf4 c6 4.e3 Bf5 5.c4 e6 6.Nc3 Bd6 7.Ne5 O-O 8.Be2 dxc4
9.Bxc4 Nd5 10.Bg3 b5 11.Bd3 Qa5 12.O-O 1/2-1/2

[Event "M.Tal memorial"]
[Site "Moscow RUS"]
[Date "1992.??.??"]
[Round "?"]
[White "Rashkovsky, Nukhim"]
[Black "Makarichev, Sergei"]
[Result "1/2-1/2"]
[WhiteElo "2520"]
[BlackElo "2530"]
[EventDate "1992.08.23"]
[PlyCount "21"]

1.e4 e5 2.Nf3 Nf6 3.Nc3 Nc6 4.d4 exd4 5.Nxd4 Bb4 6.Nxc6 bxc6 7.Bd3 d5 8.
exd5 cxd5 9.O-O O-O 10.Bg5 c6 11.Qf3 1/2-1/2

[Event "M.Tal memorial"]
[Site "Moscow RUS"]
[Date "1992.??.??"]
[Round "?"]
[White "Rashkovsky, Nukhim"]
[Black "Shchekachev, Andrei"]
[Result "1-0"]
[WhiteElo "2520"]
[BlackElo "2465"]
[EventDate "1992.08.23"]
[PlyCount "69"]

1.d4 g6 2.g3 Bg7 3.Bg2 Nf6 4.e4 d6 5.Nc3 O-O 6.Nge2 e5 7.O-O Nc6 8.d5 Ne7 
9.h3 c6 10.a4 cxd5 11.exd5 Bd7 12.Nb5 Ne8 13.c4 Qc8 14.Kh2 Qxc4 15.Bg5 
Bxb5 16.Bxe7 Qxe2 17.axb5 Qxb2 18.Qb1 Qd4 19.b6 a6 20.Ra2 Bf6 21.Bxf8 Kxf8
22.Rd1 Qc5 23.Rc1 Qd4 24.Qb3 Bd8 25.Rb2 e4 26.Rc4 Qxd5 27.Bxe4 Qe5 28.Bxb7
Rb8 29.Rc8 Rxb7 30.Rxd8 Kg7 31.Ra8 d5 32.Ra7 Nd6 33.Rxb7 Nxb7 34.Rd2 Qf6 
35.Qb2 1-0

[Event "M.Tal memorial"]
[Site "Moscow RUS"]
[Date "1992.??.??"]
[Round "?"]
[White "Rashkovsky, Nukhim"]
[Black "Tseshkovsky, Vitaly"]
[Result "1/2-1/2"]
[WhiteElo "2520"]
[BlackElo "2490"]
[EventDate "1992.08.23"]
[PlyCount "23"]

1.e4 e5 2.Nf3 Nc6 3.Nc3 Nf6 4.d4 exd4 5.Nxd4 Bb4 6.Nxc6 bxc6 7.Bd3 O-O 8.
O-O d5 9.exd5 cxd5 10.Bg5 c6 11.Qf3 Be7 12.Rfe1 1/2-1/2

[Event "M.Tal memorial"]
[Site "Moscow RUS"]
[Date "1992.??.??"]
[Round "?"]
[White "Razuvaev, Yury"]
[Black "Petrosian, Arshak"]
[Result "1/2-1/2"]
[WhiteElo "2575"]
[BlackElo "2470"]
[EventDate "1992.08.23"]
[PlyCount "40"]

1.d4 Nf6 2.c4 e6 3.Nf3 d5 4.Nc3 Be7 5.Bg5 h6 6.Bh4 O-O 7.e3 b6 8.Be2 Bb7 
9.Bxf6 Bxf6 10.cxd5 exd5 11.O-O c6 12.Re1 Re8 13.Qb3 Na6 14.Rac1 Nc7 15.
Bf1 Ne6 16.g3 Qc7 17.e4 Rad8 18.e5 Be7 19.Bg2 c5 20.a3 Qb8 1/2-1/2

[Event "M.Tal memorial"]
[Site "Moscow RUS"]
[Date "1992.??.??"]
[Round "?"]
[White "Razuvaev, Yury"]
[Black "Savon, Vladimir"]
[Result "1-0"]
[WhiteElo "2575"]
[BlackElo "2440"]
[EventDate "1992.08.23"]
[PlyCount "60"]

1.d4 Nf6 2.c4 e6 3.Nf3 b6 4.g3 Ba6 5.b3 Bb7 6.Bg2 Bb4+ 7.Bd2 c5 8.O-O O-O 
9.Bc3 a5 10.a3 cxd4 11.Bxd4 Be7 12.Nc3 Nc6 13.Be3 d6 14.Nd4 Rc8 15.Ndb5 
Ng4 16.Bf4 e5 17.Bc1 Ba6 18.Bh3 f5 19.f3 Nh6 20.Bxh6 gxh6 21.e4 Bxb5 22.
Nxb5 Nd4 23.Nxd4 exd4 24.Bxf5 Rc5 25.b4 Rfxf5 26.exf5 Rxc4 27.bxa5 bxa5 
28.Rb1 Qd7 29.Qe2 d5 30.Rfe1 Kf7 1-0

[Event "M.Tal memorial"]
[Site "Moscow RUS"]
[Date "1992.??.??"]
[Round "?"]
[White "Salov, Sergei"]
[Black "Kiselev, Sergei"]
[Result "0-1"]
[WhiteElo "2235"]
[BlackElo "2540"]
[EventDate "1992.08.23"]
[PlyCount "76"]

1.e4 c5 2.Nf3 Nc6 3.d4 cxd4 4.Nxd4 Nf6 5.Nc3 d6 6.Bc4 Qb6 7.Nxc6 bxc6 8.
O-O e6 9.b3 Be7 10.Bb2 O-O 11.Qe2 Nd7 12.Na4 Qa5 13.Bc3 Qd8 14.Rad1 Bb7 
15.Kh1 d5 16.Bd3 Re8 17.f4 Qc7 18.Rf3 g6 19.Rh3 e5 20.fxe5 Nxe5 21.exd5 
Bd6 22.Qf2 cxd5 23.Qh4 f5 24.Bxf5 d4 25.Bxd4 gxf5 26.Rg3+ Ng6 27.Rxg6+ 
hxg6 28.Qh8+ Kf7 29.Qf6+ Kg8 30.Qh8+ Kf7 31.Qg7+ Ke6 32.Nc5+ Kd5 33.Qxg6 
Kc6 34.Qxf5 Qc8 35.Qf3+ Kc7 36.Nxb7 Qxb7 37.Qf7+ Re7 38.Qc4+ Qc6 0-1

[Event "M.Tal memorial"]
[Site "Moscow RUS"]
[Date "1992.??.??"]
[Round "?"]
[White "Salov, Sergei"]
[Black "Zakharov, Alexander"]
[Result "0-1"]
[WhiteElo "2235"]
[BlackElo "2380"]
[EventDate "1992.08.23"]
[PlyCount "86"]

1.e4 e5 2.Nf3 Nc6 3.Bb5 a6 4.Ba4 Nf6 5.O-O Be7 6.Re1 b5 7.Bb3 O-O 8.d4 d6 
9.c3 Bg4 10.d5 Na5 11.Bc2 Qc8 12.Nbd2 c6 13.dxc6 Qxc6 14.h3 Be6 15.Ng5 Bd7
16.Nf1 h6 17.Nf3 Nc4 18.b3 Nb6 19.Bd2 Rfe8 20.Ng3 Bf8 21.Rc1 Rad8 22.Bd3 
Be6 23.Qe2 Nfd7 24.Nh2 Nc5 25.Bb1 d5 26.Ng4 dxe4 27.Nxe4 Bd5 28.Ngf6+ gxf6
29.Qg4+ Kh8 30.Nxc5 Bxc5 31.Qh4 f5 32.Bxh6 Qg6 33.g4 Kg8 34.Bxf5 Be7 35.
Qh5 Qxh5 36.gxh5 Bf3 37.Rxe5 Ba3 38.Rxe8+ Rxe8 39.Rf1 Bxh5 40.Be3 Nd5 41.
Bd4 Bf3 42.Bg4 Bxg4 43.hxg4 Bb2 0-1

[Event "M.Tal memorial"]
[Site "Moscow RUS"]
[Date "1992.??.??"]
[Round "?"]
[White "Savchenko, Stanislav"]
[Black "Fradkin, Boris"]
[Result "1-0"]
[WhiteElo "2505"]
[BlackElo "2400"]
[EventDate "1992.08.23"]
[PlyCount "131"]

1.c4 e5 2.Nc3 Nc6 3.g3 g6 4.Bg2 Bg7 5.Rb1 a5 6.d3 Nge7 7.e3 d6 8.a3 Be6 9.
Nd5 O-O 10.Ne2 Qd7 11.O-O Nd8 12.Nec3 Nc8 13.Ne4 f6 14.Re1 c6 15.Ndc3 h6 
16.f4 f5 17.Nd2 Nf7 18.Nf3 Ne7 19.Na4 Qc7 20.Qc2 Rac8 21.c5 Rcd8 22.b4 
axb4 23.axb4 d5 24.d4 e4 25.Nd2 g5 26.Nf1 Ng6 27.b5 h5 28.Qe2 Bf6 29.Qxh5 
Kg7 30.Qe2 Rh8 31.Bd2 Ra8 32.Rb4 gxf4 33.gxf4 Nh4 34.Reb1 Rh6 35.bxc6 bxc6
36.Rb7 Qd8 37.R1b4 Qh8 38.Be1 Qh7 39.Rb8 Ra7 40.Bg3 Rg6 41.R8b7 Ra8 42.Rc7
Nxg2 43.Kxg2 Bh4 44.Kf2 Bxg3+ 45.hxg3 Qh1 46.Rxc6 Rh8 47.Ke1 Rxg3 48.Rxe6 
Rg2 49.Qa6 Rh3 50.Rb3 Qg1 51.Rb2 Rxe3+ 52.Kd1 Rd3+ 53.Ke1 Rgg3 54.Re7 
Rge3+ 55.Re2 Rxe2+ 56.Kxe2 Qg4+ 57.Ke1 Qh4+ 58.Ke2 Qxe7 59.Ne3 Nh6 60.
Qxh6+ Kxh6 61.Nxf5+ Kh5 62.Nxe7 Rxd4 63.Nb6 Rb4 64.Nbxd5 Rc4 65.c6 Rc1 66.
c7 1-0

[Event "M.Tal memorial"]
[Site "Moscow RUS"]
[Date "1992.??.??"]
[Round "?"]
[White "Savchenko, Stanislav"]
[Black "Shchekachev, Andrei"]
[Result "1-0"]
[WhiteElo "2505"]
[BlackElo "2465"]
[EventDate "1992.08.23"]
[PlyCount "94"]

1.d4 Nf6 2.c4 g6 3.Nc3 Bg7 4.e4 d6 5.f3 O-O 6.Be3 e5 7.Nge2 c6 8.Qd2 Nbd7 
9.O-O-O a6 10.Kb1 b5 11.Nc1 exd4 12.Bxd4 Re8 13.Nb3 b4 14.Na4 c5 15.Bxf6 
Qxf6 16.Qxd6 Re6 17.Qd5 Ra7 18.Be2 Rc7 19.Na5 Nf8 20.Qd8 Qxd8 21.Rxd8 Bd7 
22.b3 Rd6 23.Rd1 Rxd1+ 24.Bxd1 Bf6 25.Ra8 Bxa4 26.bxa4 Rd7 27.Kc2 Bg5 28.
Nb3 Be3 29.Rxa6 Ne6 30.Be2 Kf8 31.a5 Re7 32.Rb6 h5 33.Bf1 Bg1 34.g3 Bxh2 
35.Bh3 Bxg3 36.Bxe6 fxe6 37.Nxc5 Ra7 38.e5 h4 39.Rxe6 Kf7 40.Rf6+ Kg7 41.
Ne6+ Kh6 42.Nf4 Bxf4 43.Rxf4 Kh5 44.e6 Re7 45.Rf8 Rxe6 46.Rh8+ Kg5 47.Kb3 
Re3+ 1-0

[Event "M.Tal memorial"]
[Site "Moscow RUS"]
[Date "1992.??.??"]
[Round "?"]
[White "Savchenko, Stanislav"]
[Black "Smagin, Sergei"]
[Result "1-0"]
[WhiteElo "2505"]
[BlackElo "2550"]
[EventDate "1992.08.23"]
[PlyCount "54"]

1.d4 Nf6 2.c4 e6 3.Nf3 d5 4.Nc3 Nbd7 5.Qc2 Be7 6.Bg5 h6 7.Bh4 dxc4 8.e4 a6
9.a4 c5 10.dxc5 Qc7 11.Bxc4 Bxc5 12.Qe2 Nh5 13.O-O-O O-O 14.e5 Nb6 15.Bb3 
Bd7 16.Kb1 Nf4 17.Qc2 Bb4 18.Qe4 Bxc3 19.Qxf4 Ba5 20.Bf6 Rfc8 21.Qg4 g6 
22.Qf4 g5 23.Nxg5 Bxa4 24.Nxe6 Qc2+ 25.Bxc2 Bxc2+ 26.Ka2 Kh7 27.Ng5+ Kg8 
1-0

[Event "M.Tal memorial"]
[Site "Moscow RUS"]
[Date "1992.??.??"]
[Round "?"]
[White "Savon, Vladimir"]
[Black "Kiselev, Sergei"]
[Result "1/2-1/2"]
[WhiteElo "2440"]
[BlackElo "2540"]
[EventDate "1992.08.23"]
[PlyCount "94"]

1.c4 e6 2.Nf3 Nf6 3.Nc3 Bb4 4.Qc2 O-O 5.a3 Bxc3 6.Qxc3 b6 7.g3 Bb7 8.Bg2 
d5 9.d3 c5 10.O-O d4 11.Qc2 Nbd7 12.b4 Re8 13.Re1 e5 14.e4 dxe3 15.Bxe3 
Qc7 16.Qb2 h6 17.bxc5 bxc5 18.Bd2 Rab8 19.Qc2 Bc6 20.Bc3 Re6 21.Re3 Ng4 
22.Re2 Qb7 23.Nh4 Rbe8 24.Rb1 Qa8 25.Be4 Ngf6 26.f3 Qc8 27.Nf5 Nb8 28.Ne3 
Bd7 29.Nd5 Nc6 30.Rbe1 Nxe4 31.Rxe4 Qb8 32.f4 exf4 33.Rxe6 Bxe6 34.Nxf4 
Qd6 35.Qf2 Rd8 36.Nxe6 fxe6 37.Re3 Nd4 38.Bxd4 cxd4 39.Re4 Qxa3 40.Qe2 Rb8
41.Qf1 Rf8 42.Qe2 Qc1+ 43.Kg2 Rb8 44.Kh3 Rb2 45.Qf3 Qg1 46.Rxe6 Qxh2+ 47.
Kg4 Rb8 1/2-1/2

[Event "M.Tal memorial"]
[Site "Moscow RUS"]
[Date "1992.??.??"]
[Round "?"]
[White "Savon, Vladimir"]
[Black "Vaisser, Anatoli"]
[Result "0-1"]
[WhiteElo "2440"]
[BlackElo "2540"]
[EventDate "1992.08.23"]
[PlyCount "122"]

1.Nf3 f5 2.d4 Nf6 3.g3 e6 4.Bg2 d5 5.O-O Bd6 6.c4 c6 7.b3 Qe7 8.Bb2 b6 9.
Qc2 O-O 10.Ne5 Bb7 11.Nd2 Nbd7 12.Ndf3 Rac8 13.Nxd7 Nxd7 14.cxd5 exd5 15.
e3 Rce8 16.Ne1 g5 17.Nd3 h5 18.Rfe1 h4 19.f4 hxg3 20.hxg3 Qe6 21.Ne5 Nxe5 
22.dxe5 Be7 23.Qe2 Rf7 24.Kf2 gxf4 25.exf4 Rg7 26.Rh1 Kf7 27.Rh3 Reg8 28.
Rah1 Ke8 29.Bf3 Kd8 30.b4 Kc8 31.a4 c5 32.bxc5 bxc5 33.Rh6 Rg6 34.Rxg6 
Qxg6 35.Rh3 d4 36.Bxb7+ Kxb7 37.Qd3 Qb6 38.Qb5 Qxb5 39.axb5 Kb6 40.Rh7 Re8
41.g4 fxg4 42.f5 Bg5 43.e6 Rf8 44.Kg3 Rxf5 45.Kxg4 Re5 46.Rh5 Rxe6 47.Rxg5
Re2 48.Bc1 Kxb5 49.Kf3 Rc2 50.Bf4 a5 51.Rg8 a4 52.Ra8 Kb4 53.Ke4 a3 54.Kd3
Rc3+ 55.Kd2 Kb3 56.Kd1 Rd3+ 57.Kc1 Rf3 58.Rb8+ Kc3 59.Bd2+ Kc4 60.Bg5 Rf1+
61.Kc2 a2 0-1

[Event "M.Tal memorial"]
[Site "Moscow RUS"]
[Date "1992.??.??"]
[Round "?"]
[White "Shchekachev, Andrei"]
[Black "Kharitonov, Andrei"]
[Result "1/2-1/2"]
[WhiteElo "2465"]
[BlackElo "2505"]
[EventDate "1992.08.23"]
[PlyCount "54"]

1.e4 c5 2.Nf3 d6 3.d4 cxd4 4.Nxd4 Nf6 5.Nc3 e6 6.g3 Nc6 7.Bg2 Bd7 8.Nb3 a6
9.a4 Be7 10.O-O O-O 11.g4 h6 12.Kh1 d5 13.exd5 exd5 14.h3 Be6 15.Be3 Re8 
16.Nd4 Nxd4 17.Bxd4 Ne4 18.Nxe4 dxe4 19.Bxe4 Bd5 20.Bxd5 Qxd5+ 21.Kg1 Qc6 
22.c3 Rad8 23.Re1 Bf6 24.Rxe8+ Qxe8 25.Qf3 Bxd4 26.cxd4 Rxd4 27.Qxb7 Rxa4 
1/2-1/2

[Event "M.Tal memorial"]
[Site "Moscow RUS"]
[Date "1992.??.??"]
[Round "?"]
[White "Shchekachev, Andrei"]
[Black "Sokolov, Andrei"]
[Result "1-0"]
[WhiteElo "2465"]
[BlackElo "2565"]
[EventDate "1992.08.23"]
[PlyCount "187"]

1.g3 c5 2.Bg2 d5 3.Nf3 Nc6 4.O-O e6 5.d3 g6 6.e4 Bg7 7.Qe2 Nge7 8.e5 b6 9.
Re1 h6 10.h4 a5 11.a4 Ba6 12.Na3 Ra7 13.c3 Rd7 14.Bd2 Nc8 15.Bf4 N8a7 16.
Qd2 d4 17.c4 Bb7 18.Nb5 Nxb5 19.axb5 Ne7 20.Nh2 Bxg2 21.Kxg2 Ng8 22.Re4 
Qc7 23.Nf3 Qb7 24.Qd1 Ne7 25.Kg1 Nf5 26.Re1 Bf8 27.Re4 Be7 28.Qf1 Rd8 29.
Qg2 Kd7 30.Kf1 Kc7 31.Ke2 Rdg8 32.Rh1 Ra8 33.Bc1 Ng7 34.Nd2 Raf8 35.Nf3 
Ra8 36.Kd1 Raf8 37.Nh2 Nf5 38.Ng4 h5 39.Nh2 Qa8 40.Qf3 Qb7 41.Qe2 Ra8 42.
Nf3 Kb8 43.Kc2 Ka7 44.Rg1 Rac8 45.Kb3 Qd7 46.Qd1 Kb8 47.Ree1 Rcd8 48.Bf4 
Qb7 49.Nd2 Kc8 50.Ne4 Rd7 51.Qf3 Bf8 52.Nd2 Qxf3 53.Nxf3 Be7 54.Bg5 Ra7 
55.Re4 Kd7 56.Bxe7 Kxe7 57.Ng5 Raa8 58.Rf4 Raf8 59.Ka4 Ra8 60.Ne4 Rac8 61.
Kb3 Ra8 62.Ra1 Rhc8 63.Kc2 Rh8 64.Kd2 Nh6 65.Ng5 Nf5 66.Ne4 Nh6 67.Nf6 Nf5
68.Kc2 Nh6 69.Kb3 Ng8 70.Ne4 Nh6 71.Re1 Nf5 72.Ka4 Rac8 73.Re2 Ra8 74.f3 
Raf8 75.Rf2 Ne3 76.Rh2 Nf5 77.Rg2 Ne3 78.Rf2 Nd1 79.Rh2 Ne3 80.Rf6 Nf5 81.
Kb3 Ne3 82.Ng5 Nf5 83.Rg2 Ne3 84.Rg1 Nf5 85.Kc2 Ne3+ 86.Kd2 Nf5 87.Ke2 Nh6
88.Kf2 Ng8 89.Rf4 Nh6 90.g4 Ra8 91.Kg3 a4 92.Ra1 a3 93.bxa3 Ra7 94.Rf6 1-0

[Event "M.Tal memorial"]
[Site "Moscow RUS"]
[Date "1992.??.??"]
[Round "?"]
[White "Shchekachev, Andrei"]
[Black "Yagupov, Igor"]
[Result "1/2-1/2"]
[WhiteElo "2465"]
[BlackElo "2410"]
[EventDate "1992.08.23"]
[PlyCount "83"]

1.e4 c5 2.Nf3 Nc6 3.g3 g6 4.Bg2 Bg7 5.O-O d6 6.d3 e5 7.Nc3 Nge7 8.a3 O-O 
9.Rb1 b6 10.b4 Bd7 11.Nd2 Nd4 12.Nc4 Bc6 13.b5 Bb7 14.Nd5 Nxd5 15.exd5 Nf5
16.f4 Rb8 17.Bd2 Ne7 18.fxe5 dxe5 19.d6 Nc8 20.Bxb7 Rxb7 21.Qf3 Rd7 22.
Rbe1 f6 23.Qd5+ Kh8 24.Bg5 Qe8 25.d4 cxd4 26.Bd2 Qf7 27.Qc6 Qe8 28.Bb4 Rg8
29.Rf3 Qe6 30.c3 dxc3 31.Rxc3 h5 32.Rc2 Rgd8 33.Rd2 Kh7 34.Rde2 Bf8 35.
Nxe5 fxe5 36.Rxe5 Qf7 37.Rf1 Qg7 38.Bc3 Rxd6 39.Qc4 Rd4 40.Bxd4 Rxd4 41.
Qxc8 Qxe5 42.Qxf8 1/2-1/2

[Event "M.Tal memorial"]
[Site "Moscow RUS"]
[Date "1992.??.??"]
[Round "?"]
[White "Smagin, Sergei"]
[Black "Danielian, Oganes"]
[Result "1-0"]
[WhiteElo "2550"]
[BlackElo "2315"]
[EventDate "1992.08.23"]
[PlyCount "85"]

1.e4 e6 2.d4 d5 3.Nd2 c5 4.exd5 Qxd5 5.Ngf3 cxd4 6.Bc4 Qd6 7.O-O Nf6 8.Nb3
Nc6 9.Nbxd4 Nxd4 10.Nxd4 a6 11.h3 Bd7 12.c3 O-O-O 13.Qe2 Qc7 14.Be3 e5 15.
Nc2 Kb8 16.Rfd1 Rc8 17.Bb3 Bb5 18.Qe1 Bc4 19.Bg5 h6 20.Bh4 Bxb3 21.axb3 
Bc5 22.b4 Bb6 23.b5 a5 24.Ne3 Bxe3 25.Qxe3 Rhe8 26.Bxf6 gxf6 27.Rd5 Re6 
28.Qxh6 f5 29.Qg7 Rce8 30.b6 Rxb6 31.Rdxa5 Qe7 32.Qg3 f4 33.Qd3 Kc7 34.Qe4
f6 35.b4 Rd8 36.Rc5+ Kb8 37.Rca5 Kc7 38.Kh2 Rc6 39.Rb5 Rb6 40.Qc4+ Rc6 41.
Qa2 Rb8 42.Rd1 f3 43.Rbd5 1-0

[Event "M.Tal memorial"]
[Site "Moscow RUS"]
[Date "1992.??.??"]
[Round "?"]
[White "Smagin, Sergei"]
[Black "Kharitonov, Andrei"]
[Result "1/2-1/2"]
[WhiteElo "2550"]
[BlackElo "2505"]
[EventDate "1992.08.23"]
[PlyCount "122"]

1.e4 c5 2.Nf3 e6 3.c3 d5 4.exd5 Qxd5 5.d4 Nf6 6.Be3 cxd4 7.cxd4 Bb4+ 8.Nc3
O-O 9.Bd3 Nbd7 10.O-O Bxc3 11.bxc3 b6 12.c4 Qd6 13.Qd2 Bb7 14.Bf4 Qc6 15.
Rfe1 Rfe8 16.a4 Rad8 17.h3 Nf8 18.Bg5 Ng6 19.Bxf6 gxf6 20.Be4 Qc7 21.Bxb7 
Qxb7 22.h4 e5 23.d5 Qc8 24.h5 Nf4 25.g3 Qg4 26.Nh2 Qg7 27.h6 Qg6 28.a5 Nd3
29.Reb1 Rd6 30.axb6 axb6 31.Qe3 Nc5 32.Nf3 Qh5 33.Kg2 Qg4 34.Nd2 e4 35.Rh1
f5 36.Rh4 Qg6 37.Kh2 Nd7 38.Qf4 Kf8 39.Nb3 Ne5 40.Nd4 Rf6 41.Ra7 Nd3 42.
Qe3 f4 43.gxf4 Nxf4 44.Qa3+ Kg8 45.Qg3 Qxg3+ 46.Kxg3 Ng6 47.Rg4 e3 48.f4 
Kf8 49.Ra2 Ne7 50.Rh4 Nf5+ 51.Nxf5 e2 52.Rh1 e1=Q+ 53.Rxe1 Rxe1 54.Nd4 
Rxh6 55.Ra8+ Re8 56.Ra7 Rf6 57.Kg4 h5+ 58.Kg5 Rg6+ 59.Kxh5 Kg7 60.Ne6+ 
Rgxe6 61.dxe6 Rxe6 1/2-1/2

[Event "M.Tal memorial"]
[Site "Moscow RUS"]
[Date "1992.??.??"]
[Round "?"]
[White "Smagin, Sergei"]
[Black "Savon, Vladimir"]
[Result "1-0"]
[WhiteElo "2550"]
[BlackElo "2440"]
[EventDate "1992.08.23"]
[PlyCount "115"]

1.e4 c5 2.c3 d5 3.exd5 Qxd5 4.d4 e6 5.Be3 cxd4 6.cxd4 Nf6 7.Nc3 Qa5 8.Nf3 
Bd7 9.Bc4 Bc6 10.Qb3 Nbd7 11.O-O-O Rc8 12.Kb1 Nb6 13.Bb5 Bxb5 14.Nxb5 Be7 
15.Bd2 Qa6 16.Ne5 O-O 17.Rhe1 Nbd5 18.g4 Rfd8 19.a4 Nd7 20.Rc1 Nxe5 21.
Rxc8 Rxc8 22.dxe5 b6 23.f4 Qb7 24.f5 Qd7 25.fxe6 fxe6 26.Rd1 Qe8 27.Nc3 
Qg6+ 28.Ka1 Nb4 29.Nb5 Nd5 30.h3 Qe4 31.Nc3 Nxc3 32.Qxe6+ Kf8 33.Rf1+ Ke8 
34.Qxc8+ Bd8 35.Bxc3 Qxa4+ 36.Kb1 Qe4+ 37.Kc1 Qe3+ 38.Kd1 Qd3+ 39.Kc1 Qe3+
40.Kd1 Qd3+ 41.Bd2 Qxf1+ 42.Kc2 Qf7 43.Qc6+ Qd7 44.Qe4 Qe6 45.Bc3 g6 46.
Qb7 Qd7 47.Qe4 Kf7 48.Qc4+ Qe6 49.Qa6 Be7 50.Qxa7 Qc4 51.Qd7 Qe4+ 52.Kb3 
h5 53.gxh5 gxh5 54.Qb5 Qf5 55.Qc4+ Kg7 56.e6+ Kh7 57.Qc6 Qxh3 58.Qe4+ 1-0

[Event "M.Tal memorial"]
[Site "Moscow RUS"]
[Date "1992.??.??"]
[Round "?"]
[White "Sokolov, Andrei"]
[Black "Dolmatov, Sergei"]
[Result "1/2-1/2"]
[WhiteElo "2565"]
[BlackElo "2595"]
[EventDate "1992.08.23"]
[PlyCount "42"]

1.e4 c5 2.Nf3 Nc6 3.d4 cxd4 4.Nxd4 Nf6 5.Nc3 e5 6.Ndb5 d6 7.Bg5 a6 8.Na3 
b5 9.Bxf6 gxf6 10.Nd5 Bg7 11.Bd3 Ne7 12.Nxe7 Qxe7 13.O-O O-O 14.c3 f5 15.
exf5 e4 16.Be2 Bxf5 17.Nc2 Qe5 18.a4 Be6 19.Qd2 f5 20.axb5 axb5 21.Nd4 b4 
1/2-1/2

[Event "M.Tal memorial"]
[Site "Moscow RUS"]
[Date "1992.??.??"]
[Round "?"]
[White "Sokolov, Andrei"]
[Black "Glek, Igor"]
[Result "1-0"]
[WhiteElo "2565"]
[BlackElo "2515"]
[EventDate "1992.08.23"]
[PlyCount "81"]

1.e4 e6 2.d4 d5 3.Nc3 Nf6 4.e5 Nfd7 5.Nce2 c5 6.c3 Nc6 7.f4 b5 8.a3 cxd4 
9.Nxd4 Nxd4 10.cxd4 b4 11.Qa4 Qb6 12.Nf3 bxa3 13.bxa3 Rb8 14.Bd3 Qb3 15.
Qxb3 Rxb3 16.Ke2 Be7 17.Bd2 Nb6 18.Bb4 Nc4 19.Rhb1 Rxb1 20.Rxb1 Ba6 21.Nd2
f5 22.Bxe7 Kxe7 23.Rb4 Rc8 24.Nb3 Rc7 25.Nc5 Bc8 26.Bxc4 dxc4 27.Kd2 h6 
28.Kc3 g5 29.g3 Kf7 30.Kxc4 Ba6+ 31.Kc3 Bf1 32.Rb7 Rxb7 33.Nxb7 gxf4 34.
gxf4 Bg2 35.Nd6+ Kg6 36.Nb5 a5 37.Nc7 Kf7 38.Kc4 Ke7 39.Kc5 Kd7 40.Nb5 Bf1
41.Nd6 1-0

[Event "M.Tal memorial"]
[Site "Moscow RUS"]
[Date "1992.??.??"]
[Round "?"]
[White "Sorokin, Maxim"]
[Black "Minasian, Artashes"]
[Result "1-0"]
[WhiteElo "2570"]
[BlackElo "2545"]
[EventDate "1992.08.23"]
[PlyCount "128"]

1.e4 c5 2.Nf3 Nc6 3.d4 cxd4 4.Nxd4 e5 5.Nb5 d6 6.c4 Be7 7.Be2 a6 8.N5c3 
Bg5 9.Nd2 Nd4 10.Bd3 Ne7 11.O-O O-O 12.Nb3 Bxc1 13.Rxc1 Ne6 14.Qd2 Nc5 15.
Rfd1 Nxb3 16.axb3 Nc6 17.Bc2 Nd4 18.Qe3 Bg4 19.f3 Be6 20.Ne2 Nxe2+ 21.Qxe2
Qb6+ 22.Kh1 a5 23.Rd3 Rfc8 24.Qd2 Rc6 25.Rd1 Ra6 26.f4 f6 27.f5 Bf7 28.g4 
h6 29.h4 Kf8 30.g5 hxg5 31.hxg5 fxg5 32.Rh3 d5 33.Rh8+ Bg8 34.exd5 Rh6+ 
35.Rxh6 Qxh6+ 36.Kg1 Qh4 37.d6 Ke8 38.Qe3 Qg4+ 39.Kf2 Qh4+ 40.Ke2 Qh2+ 41.
Qf2 Qxf2+ 42.Kxf2 Rb6 43.Ke3 Kd7 44.Ra1 Kxd6 45.Rxa5 Ke7 46.Rxe5+ Kf6 47.
Ra5 Bh7 48.c5 Rb4 49.Ra4 Rh4 50.Rxh4 gxh4 51.Kf4 h3 52.Kg3 Bg8 53.b4 Ke5 
54.Kxh3 Kd4 55.Bb1 Bb3 56.Kh4 Bd5 57.Kg5 Bf7 58.Kg4 Bd5 59.Kh5 Bf7+ 60.Kg5
Be8 61.Ba2 Ke5 62.Bc4 Kd4 63.Be6 Ke5 64.Bc8 b6 1-0

[Event "M.Tal memorial"]
[Site "Moscow RUS"]
[Date "1992.??.??"]
[Round "?"]
[White "Sorokin, Maxim"]
[Black "Muhutdinov, Marat"]
[Result "0-1"]
[WhiteElo "2570"]
[BlackElo "2440"]
[EventDate "1992.08.23"]
[PlyCount "128"]

1.d4 Nf6 2.Nf3 g6 3.c3 Bg7 4.Bg5 d5 5.Nbd2 O-O 6.e3 Nbd7 7.b4 Qe8 8.Bf4 c6
9.Qc2 Nh5 10.Bc7 b6 11.Be2 Bb7 12.h3 Rc8 13.Bh2 c5 14.Qa4 cxd4 15.cxd4 a6 
16.O-O Nhf6 17.Rfc1 Rxc1+ 18.Rxc1 Qa8 19.Rc7 Rc8 20.Qc2 Ne8 21.Rxc8 Qxc8 
22.Qxc8 Bxc8 23.b5 a5 24.Nb1 Kf8 25.Nc3 Bb7 26.g4 e6 27.Na4 Bf6 28.Ne5 
Nxe5 29.Bxe5 Bd8 30.g5 Ke7 31.h4 Kd7 32.Bd3 Nd6 33.Kf1 Nc8 34.Ke2 Bc7 35.
Bxc7 Kxc7 36.Kf3 Kd6 37.Kf4 Ba8 38.h5 Ke7 39.h6 f5 40.Ke5 Bb7 41.f3 Ba8 
42.Bc2 Bb7 43.Bb3 Nd6 44.Nxb6 Nxb5 45.Ba4 Nc3 46.Bb3 Ne2 47.Na4 Ng1 48.Nc5
Bc8 49.Bd1 Nh3 50.a4 Nxg5 51.Nb3 Nf7+ 52.Kf4 g5+ 53.Kg3 Nxh6 54.f4 g4 55.
Nxa5 Nf7 56.Nb3 Nd6 57.Nc5 Nc4 58.Be2 Kd6 59.e4 Kc6 60.e5 Kb6 61.Nb3 Na5 
62.Nc5 Nb7 63.Ba6 Nxc5 64.Bxc8 Kc7 0-1

[Event "M.Tal memorial"]
[Site "Moscow RUS"]
[Date "1992.??.??"]
[Round "?"]
[White "Sorokin, Maxim"]
[Black "Petrosian, Arshak"]
[Result "1/2-1/2"]
[WhiteElo "2570"]
[BlackElo "2470"]
[EventDate "1992.08.23"]
[PlyCount "64"]

1.c4 e6 2.g3 d5 3.Bg2 dxc4 4.Qa4+ Nd7 5.Qxc4 c5 6.Nf3 Rb8 7.d3 b5 8.Qb3 
Qb6 9.O-O Ngf6 10.a4 a6 11.axb5 axb5 12.Bd2 Bb7 13.Nc3 b4 14.Nd1 Nd5 15.e4
Ne7 16.Bf4 Rd8 17.Ne3 Nc6 18.Nc4 Qb5 19.Rfe1 Be7 20.Bf1 O-O 21.Bc7 Ra8 22.
Nd6 Bxd6 23.Bxd6 Rxa1 24.Rxa1 Rc8 25.d4 Qb6 26.dxc5 Nxc5 27.Qe3 Na5 28.Rd1
h6 29.Ne5 Qd8 30.Be2 Nxe4 31.Bxb4 Qc7 32.Bc3 Nxc3 1/2-1/2

[Event "M.Tal memorial"]
[Site "Moscow RUS"]
[Date "1992.??.??"]
[Round "?"]
[White "Sorokin, Maxim"]
[Black "Smagin, Sergei"]
[Result "1-0"]
[WhiteElo "2570"]
[BlackElo "2550"]
[EventDate "1992.08.23"]
[PlyCount "101"]

1.c4 e6 2.g3 d5 3.Bg2 Nf6 4.Nf3 dxc4 5.Qa4+ Nbd7 6.Qxc4 a6 7.Qb3 Bd6 8.O-O
O-O 9.d3 e5 10.Be3 h6 11.Na3 c6 12.Nc4 Bc7 13.a4 a5 14.Qa3 Ra6 15.Bd2 Re8 
16.e4 Nh7 17.Qc3 Ng5 18.Nxg5 hxg5 19.Be3 Nf8 20.d4 exd4 21.Bxd4 Ne6 22.Be3
Qe7 23.e5 b5 24.Nd6 Bxd6 25.exd6 Qxd6 26.Rfd1 Qe7 27.Bxc6 b4 28.Qc4 Rd8 
29.Rxd8+ Qxd8 30.Rc1 Qe7 31.Qb5 Rxc6 32.Rxc6 Bd7 33.Qb8+ Kh7 34.Qd6 Qe8 
35.Rb6 Nf8 36.Qd5 Bxa4 37.Qxa5 Bc6 38.Qxg5 Qd7 39.Qh4+ Kg8 40.Qd4 Bd5 41.
Qd1 b3 42.Bf4 Be6 43.Rd6 Qe7 44.Rd8 Bh3 45.Rb8 g5 46.Bc1 Qc7 47.Rxb3 Ne6 
48.Be3 g4 49.Qd5 Qc2 50.Rb8+ Kg7 51.Bd4+ 1-0